<?xml version="1.0" encoding="UTF-8"?>
<record
    xmlns:xsi="http://www.w3.org/2001/XMLSchema-instance"
    xsi:schemaLocation="http://www.loc.gov/MARC21/slim http://www.loc.gov/standards/marcxml/schema/MARC21slim.xsd"
    xmlns="http://www.loc.gov/MARC21/slim">

  <leader>01352nam a22001457a 4500</leader>
  <datafield tag="999" ind1=" " ind2=" ">
    <subfield code="c">531415</subfield>
    <subfield code="d">531415</subfield>
  </datafield>
  <controlfield tag="008">250827b           ||||| |||| 00| 0 eng d</controlfield>
  <datafield tag="100" ind1=" " ind2=" ">
    <subfield code="a">Bardalai, AK</subfield>
    <subfield code="9">56480</subfield>
  </datafield>
  <datafield tag="245" ind1=" " ind2=" ">
    <subfield code="a">United Nations Peacekeeping in Ukraine: Is it a Possibility?</subfield>
  </datafield>
  <datafield tag="260" ind1=" " ind2=" ">
    <subfield code="a">USI Journal</subfield>
  </datafield>
  <datafield tag="300" ind1=" " ind2=" ">
    <subfield code="a">155(640), Apr-Jun, 2025: p.263-270</subfield>
  </datafield>
  <datafield tag="520" ind1=" " ind2=" ">
    <subfield code="a">The Ukraine conflict, ongoing since 2014 with Russia's annexation of Crimea, escalated when Russia again invaded Ukraine in Feb 2022. Despite efforts by the United Nations (UN) and world leaders to negotiate a settlement, the war persists. However, recent developments suggest that a potential ceasefire may be gaining momentum. If a ceasefire is achieved, establishing a monitoring mechanism will be crucial to ensure its effectiveness. Two key challenges will arise: determining the mechanism's structure and deciding on participant composition. The possibility of deploying UN peacekeepers to oversee the ceasefire has been discussed. This article examines the options available to the international community if a consensus is reached on utilising UN peacekeepers for ceasefire monitoring and explores the structural and operational considerations necessary to support such a mission. - Reproduced</subfield>
  </datafield>
  <datafield tag="650" ind1=" " ind2=" ">
    <subfield code="a">Ukraine war, United Nation, ceasefire, peacekeeping mission  </subfield>
    <subfield code="9">56481</subfield>
  </datafield>
  <datafield tag="773" ind1=" " ind2=" ">
    <subfield code="a">USI Journal</subfield>
  </datafield>
  <datafield tag="942" ind1=" " ind2=" ">
    <subfield code="c">AR</subfield>
  </datafield>
  <datafield tag="952" ind1=" " ind2=" ">
    <subfield code="0">0</subfield>
    <subfield code="1">0</subfield>
    <subfield code="2">ddc</subfield>
    <subfield code="4">0</subfield>
    <subfield code="7">0</subfield>
    <subfield code="9">406612</subfield>
    <subfield code="a">IIPA</subfield>
    <subfield code="b">IIPA</subfield>
    <subfield code="d">2025-08-27</subfield>
    <subfield code="p">AR137148</subfield>
    <subfield code="r">2025-08-27</subfield>
    <subfield code="y">AR</subfield>
  </datafield>
</record>
